LIBRARY & INFORMATION CENTRE, KCAET, TAVANUR

ONLINE PUBLIC ACCESS CATALOGUE (OPAC)

Gramapathakal / (Record no. 4619)

MARC details
000 -LEADER
fixed length control field 00531cam a2200217ua 4500
041 ## - LANGUAGE CODE
Language code of text/sound track or separate title mal
082 ## - DEWEY DECIMAL CLASSIFICATION NUMBER
Classification number 625.7
Item number JAA/GR
100 ## - MAIN ENTRY--AUTHOR NAME
Personal name Jaahne, Johannes.
245 ## - TITLE STATEMENT
Title Gramapathakal /
260 ## - PUBLICATION, DISTRIBUTION, ETC. (IMPRINT)
Place of publication Thiruvananthapuram :
Name of publisher State Instititute of Languages ,
Year of publication 1976.
300 ## - PHYSICAL DESCRIPTION
Number of Pages 92 ; .
942 ## - ADDED ENTRY ELEMENTS (KOHA)
Koha item type Books
Holdings
Withdrawn status Lost status Damaged status Home library Current library Date acquired Full call number Accession Number Koha item type
      KAUAET   07/04/2012 625.7 14182 Books
      KAUAET   07/04/2012 625.7 14183 Books
Withdrawn     KAUAET   07/04/2012 625.7 14184 Books
      KAUAET   07/04/2012 625.7 14185 Books
      KAUAET KAUAET 07/04/2012 625.7 14186 Books
free website counter